|
|
|
|
| LEADER |
00669nab a2200169 i 4500 |
| 001 |
acta385 |
| 005 |
20210616150533.0 |
| 008 |
161015s1940 hu o 0|| hun d |
| 040 |
|
|
|a SZTE Egyetemi Kiadványok Repozitórium
|b hun
|
| 041 |
|
|
|a hun
|
| 100 |
2 |
|
|a Dr. Banner János
|
| 245 |
1 |
0 |
|a Bibliographia Archeologica Hungarica
|h [elektronikus dokumentum] /
|c Dr. Banner János
|
| 260 |
|
|
|c 1940
|
| 300 |
|
|
|a 3-56
|
| 490 |
0 |
|
|a Dolgozatok a Magyar Királyi Ferencz József Tudományegyetem Archaeologiai Intézetéből
|v 16
|
| 695 |
|
|
|a bibliográfia, archológia, régészet, Magyarország
|
| 856 |
4 |
0 |
|u http://acta.bibl.u-szeged.hu/385/1/dolgozatok_1940_003-056.pdf
|z Dokumentum-elérés
|